20 największych państw na świecie - Statystyki

Ogólne statystyki
  • Ten quiz został rozwiązany 583 razy
  • Średni wynik to 15 z 20
Statystyki odpowiedzi
Odpowiedź % Poprawnych
Rosja
99%
Chiny
98%
Kanada
96%
Usa
96%
Brazylia
95%
Argentyna
91%
Australia
89%
Indie
89%
Kazachstan
81%
Meksyk
80%
Algieria
74%
Mongolia
73%
Arabia Saudyjska
68%
Indonezja
65%
Iran
64%
Sudan
57%
Libia
53%
Peru
49%
Czad
40%
DRK
40%
Nie znaleziono quizów pasujących do podanych kryteriów
Rozkład punktacji
Procent ludzi z każdym wynikiem
Percentyl według liczby udzielonych odpowiedzi
Twoja historia wyników
Nie rozwiązałeś tego quizu